Регионална библиотека "Любен Каравелов" - Русе

Запор (Запис номер 128449)

MARC детайли
000 -Лидер
Контролно поле с фиксирана дължина nam a22 c 4500
003 - Код на организацията, давaща контролен номер
Контролно поле BLK
005 - Дата и час на последна редакция
Контролно поле 20210723083915.0
008 - Елементи от данни с фиксирана дължина
fixed length control field 180409b bul|||||| ||||||| ||bul||
010 ## - Наследен системен номер
LC control number KNG00134171000
040 ## - Източник на каталожния запис
Идентификатор на билиотеката - собственик на записа BLK
041 ## - Код за език
Код за езика на текст/звукозапис или на отделно заглавие Български
Код за езика КДБФ Български
080 ## - УДК
Текстов определител УДК Други видове наказания и възпитателни мерки
УДК код - определител по УДК 343.27/.28
УДК определител (497.2)
УДК - код + определител 343.27/.28(497.2)
100 1# - Редна дума - Автор
Автор Бобчевски, Петър Калчев
Авторска отговорност първи автор
R(LIN) 321249
139 ## - Редно поле
Редна дума Бобчевски, Петър Калчев
Авторски знак Бобч - Б 53
245 10 - Сведения за заглавието
Заглавие Запор
Подзаглавни данни Из съдебний ни живот
Редно поле (дума) Петър Калчев Бобчевски.
257 ## - Страна на издаване
Страна на създаване/издаване България
260 ## - Област на издателските данни
Име на издателя, разпространителя и проч. в. Черно море
Година на издаване 1892
Печатница Варна : печ. Л. Нитче
Място на издаване, разпространение и проч. Варна
300 ## - Физическа характеристика
Страници 48 с.
Размери/Мащаб 19 см
380 ## - Жанр
Жанр Обществени науки
490 ## - СЕРИИ (Колекции)
9 (RLIN) 435080
Име на серия Колекция Редки и ценни издания
500 ## - Общи забележки
Забележка Подарък на платилите си абонамента на в. Черно море.
650 #4 - Допълнително описание по предмет – тема
Основно описание – тема или топоним Наказания (право)
9 (RLIN) 163184
651 #4 - Допълнително описание по предмет - топоним
Географско понятие България
9 (RLIN) 241624
653 ## - Ключова дума – ненормативна
Ключова дума наказания
852 ## - Местоположение
Форматна сигнатура Рб 892
Фондова буква Редки и ценни
856 4# - Електронен адрес и достъп
Електронен формат pdf - файл
856 4# - Електронен адрес и достъп
Електронен формат pdf - файл
999 ## - СИСТЕМНИ КОНТРОЛНИ НОМЕРА
Koha biblionumber 128449
Koha biblioitemnumber 128449
942 ## - АРТИКУЛИ
Вид на библиотечния материал Книги
Скрит в OPAC Не
Периодичен библиозапис Да
944 ## - СЪЗДАВАНЕ И РЕДАКЦИЯ на ЗАПИСА
Създаване/Редакция Създаване
Дата на регистрацията/редакция 25.09.2012
Статус, дата на статуса 25.09.2012 - от С1,Р / 25.09.2012
Служител, извършил регистрацията/редакцията Правда_Бадева
944 ## - СЪЗДАВАНЕ И РЕДАКЦИЯ на ЗАПИСА
Създаване/Редакция Редакция
Дата на регистрацията/редакция 25.09.2012
Статус, дата на статуса 25.09.2012 - от С1,Р / 25.09.2012
944 ## - СЪЗДАВАНЕ И РЕДАКЦИЯ на ЗАПИСА
Създаване/Редакция Редакция
Дата на регистрацията/редакция 2021-07-23
Статус, дата на статуса 2021-07-23
999 ## - СИСТЕМНИ КОНТРОЛНИ НОМЕРА
Koha biblioitemnumber 128449
Наличности
Код за отписване Код за изгубен артикул Източник на класификационната схема Код за повреда Коз за рестрикции Код за отдаване Артикулен № Име на библиотеката - собственик Име на библиотеката, в която се намира в момента Статус (Текущо местоположение) Дата на вписване в системата Местоположение - отдел Цена в лева Инвентарен номер Систематично азбучна сигнатура Баркод Номер на екземпляра Цена в евро Служебна бележка Служебен тип на артикула
  Не е изгубен Universal Decimal Classification Не е повреден без рестрикции Специални фондове ( старопечатни, редки и ценни, фонд М. Арнаудов) 208737 Регионална библиотека "Любен Каравелов" Русе Регионална библиотека "Любен Каравелов" Русе Редки и ценни 1892-01-01 Редки и ценни 0.04 2275 Рб 892 900000071166 1 0.02 N: стар фонд Дата: 01.01.1892 Книги
Vip Innovations Ltd, Rousse, Bulgaria 2025